• 首页
  • 本馆介绍
  • 公告通知
  • 最新文献
  • 馆藏检索
  • 电子资源
  • 读者导购
  • 参考咨询
  • 我的图书馆
  • 登录
  • 详细信息显示
  • 放入我的书架
  • 预约/预借图书
  • 作者相关作品
  • 分类相关作品
  • 丛书相关作品
  • 出版社相关作品

书目信息

  • 表格格式
  • 工作单格式
  • 卡片格式
题名:
面向应用过程的陶瓷膜材料设计、制备与应用
    
 
作者: 徐南平 著
分册:  
出版信息: 北京   科学出版社  2005
页数: 429页
开本: 24cm
丛书名:
单 册:
中图分类: TQ174.75
科图分类:
主题词: 陶瓷薄膜
电子资源:
ISBN: 7-03-015076-7
000 01049nam0 2200253 450
000 01056nam0 2200253 450
000 00985nam0 2200229 450
000 00948nam0 2200217 45
005 20070525153621.37
010    @a7-03-015076-7@b精装@dCNY70.00
100    @a20070418d2005 em y0chiy0120 ea
101 0  @achi
102    @aCN@b110000
105    @ay z 000yy
200 1  @a面向应用过程的陶瓷膜材料设计、制备与应用@AMian Xiang Ying Yong Guo Cheng De Tao Ci Mo Cai Liao She Ji、 Zhi Bei Yu Ying Yong@f徐南平著@FXu Nan Ping Zhu
210    @a北京@c科学出版社@d2005
215    @a429页@c照片@d24cm
330    @a本书围绕面向应用过程的陶瓷膜材料设计、制备与应用的基本构思,对陶瓷膜的材料微结构设计、规模化制备和工业应用进行了较系统地介绍,内容涉及理论与实验研究、工程化开展和工业应用示例。
510 1  @aProcess-Oriented Design, Preparation and Application of Ceramic Membranes@zeng
606 0  @a陶瓷薄膜
690    @aTQ174.75@v4
701  0 @a徐南平@AXu Nan Ping@c(化学工业)@4著
801  0 @aCN@bTAOJIN@c20070525
905    @a10447@dTQ174.75@e28
    
    面向应用过程的陶瓷膜材料设计、制备与应用/徐南平著.-北京:科学出版社,2005
    429页:照片;24cm
    
    
    ISBN 7-03-015076-7(精装):CNY70.00
    本书围绕面向应用过程的陶瓷膜材料设计、制备与应用的基本构思,对陶瓷膜的材料微结构设计、规模化制备和工业应用进行了较系统地介绍,内容涉及理论与实验研究、工程化开展和工业应用示例。
●
相关链接 在E读中查询图书 在五车中查询图书 在当当中查询图书 在豆瓣中查询图书


正题名:面向应用过程的陶瓷膜材料设计、制备与应用     索取号:TQ174.75/28         预约/预借

序号 登录号 条形码 馆藏地/架位号 状态 备注
1 0522809   205228092   第二样本阅览室/ [索取号:TQ174.75/28] 在馆    
2 0522810   205228109   第三借阅区/ [索取号:TQ174.75/28] 在馆    
3 0522811   205228118   第三借阅区/ [索取号:TQ174.75/28] 在馆    
4 0522812   205228127   第三借阅区/ [索取号:TQ174.75/28] 在馆    
5 0522813   205228136   第三借阅区/ [索取号:TQ174.75/28] 在馆    
唐山师范学院图书馆 欢迎您!
大连网信软件有限公司© 版权所有